Five Biggest Cities by Australian State & Territory - Statistics

General Stats
  • This quiz has been taken 46 times
    10 since last reset
  • The average score is 24 of 38
Answer Stats
Country Population City % Correct
South Australia 1.25 m Adelaide
100%
Queensland 2.29 m Brisbane
100%
Queensland 153 k Cairns
100%
Australian Capital Territory 490 k Canberra
100%
Tasmania 197 k Hobart
100%
Victoria 4.59 m Melbourne
100%
New South Wales 349 k Newcastle
100%
Western Australia 2 m Perth
100%
New South Wales 4.70 m Sydney
100%
Queensland 174 k Townsville
100%
Northern Territory 25 k Alice Springs
83%
Victoria 105 k Ballarat
83%
Victoria 101 k Bendigo
83%
New South Wales 325 k Central Coast
83%
Northern Territory 122 k Darwin
83%
Victoria 180 k Geelong
83%
Queensland 671 k Gold Coast - Tweed Heads
83%
Queensland 284 k Sunshine Coast
83%
Western Australia 75 k Bunbury
67%
Tasmania 81 k Launceston
67%
New South Wales 280 k Wollongong
67%
Western Australia 31 k Albany
50%
New South Wales 92 k Albury-Wodonga
50%
Western Australia 33 k Geraldton
50%
Western Australia 29 k Kalgoorlie - Boulder
50%
Victoria 76 k Melton
50%
Tasmania 20 k Burnie - Somerset
33%
Tasmania 20 k Devonport
33%
South Australia 29 k Gawler
33%
Australian Capital Territory 298 Hall
33%
Northern Territory 6 k Katherine
33%
South Australia 27 k Mount Gambier
33%
Northern Territory 2.9 k Tennant Creek
33%
South Australia 22 k Mount Barker
17%
Northern Territory 3.3 k Nhulunbuy
17%
Tasmania 13 k Ulverstone
17%
Australian Capital Territory 309 Uriarra Village
17%
South Australia 21 k Whyalla
17%
No matching quizzes found
Score Distribution
Percent of People with Each Score
Percentile by Number Answered
Your Score History
You have not taken this quiz since the last reset